Loading...
| Current Events | 1 | 20.00 | 0% | 600% | 600% |
| Fine Arts - Auditory | 8 | 18.75 | 2,400% | 250% | 275% |
| Fine Arts - Other | 7 | 15.71 | 1,000% | 229% | 357% |
| Fine Arts - Visual | 5 | 16.00 | 1,440% | 120% | 560% |
| Geography | 1 | 20.00 | 0% | 500% | 500% |
| History - American | 8 | 20.00 | 2,088% | 175% | 450% |
| History - European | 3 | 20.00 | 2,333% | 267% | 200% |
| History - Other | 6 | 16.67 | 2,033% | 217% | 233% |
| History - World | 6 | 18.33 | 2,217% | 467% | 183% |
| Literature - American | 4 | 20.00 | 2,425% | 275% | 425% |
| Literature - British | 6 | 18.33 | 2,400% | 283% | 383% |
| Literature - European | 7 | 20.00 | 3,129% | 486% | 86% |
| Literature - World | 6 | 18.33 | 1,583% | 383% | 283% |
| Mythology | 6 | 16.67 | 983% | 333% | 267% |
| Other Academic | 1 | 20.00 | 0% | 600% | 600% |
| Philosophy | 6 | 18.33 | 1,433% | 283% | 450% |
| Pop Culture | 4 | 20.00 | 1,525% | 425% | 425% |
| Religion | 7 | 11.43 | 871% | 86% | 414% |
| Science - Biology | 5 | 12.00 | 1,500% | 120% | 200% |
| Science - Chemistry | 8 | 21.25 | 1,663% | 538% | 350% |
| Science - Other | 7 | 22.86 | 1,871% | 357% | 471% |
| Science - Physics | 6 | 20.00 | 2,450% | 383% | 267% |
| Social Science | 7 | 15.71 | 871% | 371% | 300% |
| 1 | 10.00 | 0% | 0% | 300% |